000 00743nam a2200229 a 4500
001 82578
003 BD-RjUL
005 20240108150803.0
008 240108s2022 bg ||||| |||| 00| 0 ben d
020 _a9789849632023
035 _a(BD-RjUL)82578
040 _aBD-RjUL
_beng
_cBD-RjUL
041 _aben
082 _223
_a891.441
_bMOA 2022
100 _aমোল্লাহ, আবু তালেব
_910781
245 _aঅস্মিতা /
_bআবু তালেব মোল্লাহ
260 _aঢাকা :
_bচিত্রা প্রকাশনী,
_c২০২২
300 _a৭৯ পৃ.;
_c২২ সেমি.
650 _aবাংলা কবিতা
650 _aBengali poetry
942 _2ddc
_cBK
999 _c82578
_d82578